000 00586nam a2200217Ia 4500
005 20260429112104.0
008 260429s9999||||xx |||||||||||||| ||und||
020 _a9789819728268
041 _aEnglish
082 _a343.0999
_bMAR
100 _aMarwala, Tshilidzi
245 0 _aArtificial intelligence and the law /
_cTshilidzi Marwala
250 _a1st ed.
260 _aSingapore :
_bPalgrave Macmillan,
_c2024.
300 _axviii, 255 p.; hb
650 _a AI
650 _a Law
650 _aArtificial intelligence
700 _a Mpedi, Letlhokwa George
942 _cTB
999 _c52291
_d52291